Personnages de fiction par silhouette - Statistiques

Statistiques générales
  • Ce quiz a été pris 3 154 fois
  • Le résultat moyen est 13 sur 20
Statistiques - réponses
Par images Réponse % Correct
Pikachu
98%
Homer Simpson
97%
E.T.
95%
Scooby-Doo
90%
R2D2
89%
Bowser
85%
Picsou
84%
Gollum
83%
Wolverine
82%
Rayman
70%
Ladybug
63%
Obélix
62%
Ti Biscuit
55%
Lumière
52%
Luffy
44%
Ryuk
43%
Tournesol
42%
Jinx
33%
Galactus
21%
Zorglub
4%
Aucun quiz correspondant
Distribution des résultats
% des personnes avec chaque résultat
Percentile par nombre de réponses
Votre historique - résultats
Vous n’avez pas pris ce quiz